| 000 | 00404nam a2200157Ia 4500 | ||
|---|---|---|---|
| 008 | 221030s9999 xx 000 0 und d | ||
| 020 | _a81.73180075 | ||
| 041 | _aEnglish | ||
| 082 |
_a105.23 _bDar |
||
| 100 | _aC. R. Dargan | ||
| 245 | 0 |
_aElectrical Installation Design & Drawing _cby C. R. Dargan |
|
| 260 |
_bNew Age International Pub. _aNew Delhi _c0 |
||
| 300 | _a224 | ||
| 650 | _aEE | ||
| 942 | _cBK | ||
| 999 |
_c2566 _d2566 |
||